| 000 | 01364nam0a22003011 4500 | ||
|---|---|---|---|
| 001 | rc\1139173 | ||
| 005 | 20250622194026.0 | ||
| 035 | _a(NLR Aleph) 006385827 | ||
| 090 |
_a5113711 _c5113711 |
||
| 100 | _a20041129d1980 |||y0rusy50 ca | ||
| 101 | 0 | _arus | |
| 102 | _aRU | ||
| 105 | _ay ||||||||| | ||
| 200 | 1 |
_aТепловые режимы хранилищ сжиженного газа _f[Л.А. Видовский, С.В. Ларионов, Е.И. Яковлев] |
|
| 210 |
_aМ. _cВНИИЭгазпром _d1980 |
||
| 215 |
_a39 с. _d21 |
||
| 225 | 1 |
_aГазовая промышленность _iСерия "Транспортировка и хранение газа" _eОбзор. информ. _fВНИИ экономики, орг. пр-ва и техн.-экон. информ. в газовой пром-сти _vВып. 8 |
|
| 300 | _aВ надзаг. также: М-во газовой пром-сти | ||
| 320 | _aБиблиогр.: с. 34-39 | ||
| 700 | 1 |
_aВидовский _bЛ.А. _gЛеонид Адольфович |
|
| 701 | 1 |
_aЛарионов _bС.В. |
|
| 701 | 1 |
_7ca _8rus _aЯковлев _bЕ. И. _cд-р техн. наук _f1939-1991 _gЕвгений Ильич _9160194 _3RU\NLR\AUTH\770160235 |
|
| 801 | 0 |
_aRU _bNLR _gpsbo |
|
| 801 | 1 |
_aRU _bELAR _2rusmarc |
|
| 852 |
_aNLR _jП22/4513 |
||
| 942 | _cBOOK | ||
| 980 | _aNB | ||